书目信息 |
| 题名: |
《资本论》研究论文选
|
|
| 作者: | ;全国高等师范院校《资本论》研究会 编 | |
| 分册: | ||
| 出版信息: | 福州 福建人民出版社 1982 |
|
| 页数: | 455页 | |
| 开本: | 21cm | |
| 丛书名: | ||
| 单 册: | ||
| 中图分类: | A811.23 , A81 | |
| 科图分类: | ||
| 主题词: | 马克思著作研究-资本论--文集 , 马克思主义政治经济学--研究--文集 | |
| 电子资源: | ||
| ISBN: | ||
| 000 | 00857nam0 2200265 45 | |
| 001 | 1263991359 | |
| 005 | 20090929162242.59 | |
| 010 | @dCNY1.55 | |
| 091 | @aCN@b3173.284 | |
| 100 | @a19950524d1982 emky0chiy0121 ea | |
| 101 | 0 | @achi |
| 102 | @aCN@b350000 | |
| 105 | @ay z 000yy | |
| 200 | 12 | @a《资本论》研究论文选@A《 zi ben lun》 yan jiu lun wen xuan@f全国高等师范院校《资本论》研究会《<资本论>研究论文选》编辑组编 |
| 210 | @a福州@c福建人民出版社@d1982 | |
| 215 | @a455页@d21cm | |
| 605 | @a资本论-马克思著作研究@x文集 | |
| 606 | 0 | @a马克思著作研究-资本论@x文集 |
| 606 | 0 | @a马克思主义政治经济学@x研究@x文集 |
| 690 | @aA811.23@v3 | |
| 690 | @aA81@v4 | |
| 711 | 02 | @a全国高等师范院校《资本论》研究会@Aquan guo gao deng shi fan yuan xiao《 zi ben lun》 yan jiu hui@4编 |
| 801 | 0 | @aCN@bTSSF |
| 801 | 2 | @aCN@bNLC |
| 905 | @a10447@dA81@eJY3 | |
| 《资本论》研究论文选/全国高等师范院校《资本论》研究会《<资本论>研究论文选》编辑组编.-福州:福建人民出版社,1982 |
| 455页;21cm |
| ISBN :CNY1.55 |
| ● |
| 相关链接 |
|
|
|
|
正题名:《资本论》研究论文选
索取号:A81/JY3
 
预约/预借
| 序号 | 登录号 | 条形码 | 馆藏地/架位号 | 状态 | 备注 |
| 1 | 7809429 | 278094296 | 学院路分馆/ [索取号:A81/JY3] | 在馆 | |
| 2 | 7809430 | 278094303 | 学院路分馆/ [索取号:A81/JY3] | 在馆 |